| 000 | 01140nam a2200301 a 4500 | ||
|---|---|---|---|
| 003 | BLK | ||
| 005 | 20240527175429.0 | ||
| 007 | ta | ||
| 008 | 230712b bu |||||r|||| 00| | bu d | ||
| 020 | _a9786199189962 | ||
| 040 | _aBLK | ||
| 041 |
_aBUL _cBUL |
||
| 080 |
_9226869 _aАнглийска литература _b821.111 _x(73)-93-312.9 _z821.111(73)-93-312.9 |
||
| 084 | _aМ 13 | ||
| 100 |
_9488346 _aМагазинър, Лорън |
||
| 245 |
_aМарина и кракенът _cЛорън Магазинър ; ил. Мирел Ортега ; прев. Ана Пипева |
||
| 246 | _aMarina and the kraken | ||
| 260 |
_9470442 _aСофия _bЛютиче _c2023 _f[София] : Симолини 94 |
||
| 300 |
_a144 с. _bс ил. _c21 см |
||
| 380 | _aX | ||
| 500 | _aОриг. загл.: Marina and the kraken / Lauren Magaziner Кн. 1 от поредицата Митичните | ||
| 700 |
_9599 _aОртега, Мирел _eил. |
||
| 852 |
_aЦб 318780 _bЦб |
||
| 856 |
_i0.00 _ldisable |
||
| 942 |
_cKNG _n0 _012 |
||
| 944 |
_cМоника Янева _k30543 _lИва Цветкова |
||
| 999 |
_c492823 _d492823 |
||
| 999 | _d492823 | ||